书目信息 |
| 题名: |
悬案:格拉夫顿悬案系列
|
|
| 作者: | 格拉夫顿 著 | |
| 分册: | ||
| 出版信息: | 北京 作家出版社 |
|
| 页数: | 264页 | |
| 开本: | 32开 | |
| 丛书名: | ||
| 单 册: | ||
| 中图分类: | I712.45 | |
| 科图分类: | ||
| 主题词: | 文学 | |
| 电子资源: | ||
| ISBN: | 7-5063-1325-1 | |
| 000 | 00558nam0 2200193 45 | |
| 001 | 0011221898 | |
| 005 | 20010213093657.3 | |
| 010 | @a7-5063-1325-1@d13.20元 | |
| 100 | @a20001122d km y0chiy0120 ea | |
| 101 | 0 | @achi |
| 105 | @a z 000yy | |
| 200 | 1 | @a悬案:格拉夫顿悬案系列@AXuan An:Ge La Fu Dun Xuan An Xi Lie@f(美)格拉夫顿著@F(Mei)Ge La Fu Dun Zhu |
| 210 | @a北京@c作家出版社 | |
| 215 | @a264页@d32开 | |
| 606 | 0 | @a文学 |
| 690 | @aI712.45@v3 | |
| 701 | 0 | @a格拉夫顿@4著 |
| 801 | @aCN@bPftUser@c20001122 | |
| 905 | @dI712.45@eG245/10@b321378-379@f2 | |
| 悬案:格拉夫顿悬案系列/(美)格拉夫顿著.-北京:作家出版社 |
| 264页;32开 |
| ISBN 7-5063-1325-1:13.20元 |
| ● |
| 相关链接 |
|
|
|
正题名:悬案:格拉夫顿悬案系列
索取号:I712.45/G245/10
 
预约/预借
| 序号 | 登录号 | 条形码 | 馆藏地/架位号 | 状态 | 备注 |
| 1 | 321378 | 203213780 | 社科二线400B/400B社科库 28排4列2层/ [索取号:I712.45/G245/10] | 在馆 | |
| 2 | 321379 | 203213799 | 社科二线400B/400B社科库 28排4列2层/ [索取号:I712.45/G245/10] | 在馆 |